Un Jóven de 1915 ante José Ortega y Gasset

Uloženo v:
Podrobná bibliografie
Hlavní autor: Aznar, Manuel
Médium: Kniha
Jazyk:Undetermined
Vydáno: Madrid, España Cultura Hispánica 1970
Témata:
Tagy: Přidat tag
Žádné tagy, Buďte první, kdo vytvoří štítek k tomuto záznamu!

MARC

LEADER 00000nam a2200000Ia 4500
008 170316s9999 xx 000 0 und d
040 |a cru BVZT 
090 |a 862 A-51u 
100 |a Aznar, Manuel 
245 |a Un Jóven de 1915 ante José Ortega y Gasset 
260 |a Madrid, España 
260 |b Cultura Hispánica 
260 |c 1970 
300 |a 18 páginas 
650 |a LITERATURA ESPAÑOLA 
999 |c 9462  |d 9462 
942 |c 15 D  |h 862 A-51u  |2 z